Friends Quotes - Statistics

General Stats
  • This quiz has been taken 1,365 times
  • The average score is 13 of 15
Answer Stats
Hint Answer % Correct
''Oh, are you setting Ross up with someone? Does she have a wedding dress?'' Rachel
100%
''"Isn't that just kick-you-in-the-crotch, spit-on-your-neck fantastic." '' Rachel
100%
''I’m not so good with the advice. Can I interest you in a sarcastic comment?'' Chandler
99%
''...And yet, I never run into Beyonce.' Chandler
99%
''Could I BE wearing any more clothes?'' Joey
99%
"Sup with the whack play station, sup'' Joey
99%
''Welcome to the real world. It sucks. You’re gonna love it!' Monica
99%
"Guys can fake it? Unbelievable! The one thing that's ours!" Monica
99%
''If you want to receive e-mails about my upcoming shows, then please give me money so I can buy a computer.' Phoebe
99%
''Is it just me, or is Vito beginning to sound real good?'' Phoebe
99%
''‘Unagi.’ I’m always aware.'' Ross
99%
''That's a lot of information to get in thirty seconds. '' Judy Geller
64%
'''Im sorry. Was I not supposed to? '' Gunther
56%
''Sure, it'll just be something we do together, like racquetball. '' Richard
55%
"Isn't this the most amazing fight you ever had?" Parker
35%
No matching quizzes found
Score Distribution
Percent of People with Each Score
Percentile by Number Answered
Your Score History
You have not taken this quiz